Normal view
MARC view
- Binay K. Dutta
Entry Personal Name
001 - CONTROL NUMBER
- control field: 54156
003 - CONTROL NUMBER IDENTIFIER
- control field: NUST
005 - DATE AND TIME OF LATEST TRANSACTION
- control field: 20210421115912.0
008 - FIXED-LENGTH DATA ELEMENTS
- fixed length control field: 210421|| aca||aabn | a|a d
040 ## - CATALOGING SOURCE
- Original cataloging agency: NUST
- Transcribing agency: NUST
100 ## - HEADING--PERSONAL NAME
- Personal name: Binay K. Dutta
670 ## - SOURCE DATA FOUND
- Source citation: Work cat.: (NUST): Binay K. Dutta, Heat Transfer Principles and Applications, 2006
